[Event "ODJM B 2025"]
[Site "Willingen GER"]
[Date "2025.06.09"]
[Round "3"]
[White "John, Linnea"]
[Black "Oblender, Rudi"]
[Result "1-0"]
[Termination "normal"]
[Board "4"]
[WhiteElo "1631"]
[BlackElo "1761"]
[WhiteClock "00:14:20"]
[BlackClock "01:04:05"]
[PlyCount "81"]
[WhiteFideId "34623680"]
[BlackFideId "34625089"]
[EventCountry "GER"]
[EventRounds "9"]
[EventType "swiss"]
[EventDate "2025.06.07"]

1. e4 {[%clk 01:30:57]} {[%emt 00:00:02]} e6 {[%clk 01:30:57]} {[%emt
00:00:03]} 2. d4 {[%clk 01:31:22]} {[%emt 00:00:05]} c5 {[%clk 01:31:25]}
{[%emt 00:00:03]} 3. d5 {[%clk 01:29:29]} {[%emt 00:02:23]} d6 {[%clk
01:31:51]} {[%emt 00:00:04]} 4. Bb5+ {[%clk 01:29:11]} {[%emt 00:00:49]} Bd7
{[%clk 01:32:13]} {[%emt 00:00:08]} 5. Bd3 {[%clk 01:28:15]} {[%emt 00:01:26]}
g6 {[%clk 01:31:17]} {[%emt 00:01:26]} 6. Nf3 {[%clk 01:16:57]} {[%emt
00:11:47]} Bg7 {[%clk 01:30:44]} {[%emt 00:01:03]} 7. O-O {[%clk 01:16:41]}
{[%emt 00:00:46]} Ne7 {[%clk 01:29:34]} {[%emt 00:01:41]} 8. c4 {[%clk
01:11:35]} {[%emt 00:05:36]} O-O {[%clk 01:29:58]} {[%emt 00:00:06]} 9. Nc3
{[%clk 01:11:47]} {[%emt 00:00:19]} Na6 {[%clk 01:30:08]} {[%emt 00:00:20]} 10.
Bf4 {[%clk 01:11:31]} {[%emt 00:00:45]} e5 {[%clk 01:30:00]} {[%emt 00:00:38]}
11. Bg5 {[%clk 01:10:55]} {[%emt 00:01:05]} f6 {[%clk 01:29:45]} {[%emt
00:00:45]} 12. Be3 {[%clk 01:10:08]} {[%emt 00:01:17]} Kh8 {[%clk 01:23:38]}
{[%emt 00:06:37]} 13. Qd2 {[%clk 01:08:05]} {[%emt 00:02:34]} Rg8 {[%clk
01:23:47]} {[%emt 00:00:22]} 14. Bh6 {[%clk 01:05:28]} {[%emt 00:03:07]} Qf8
{[%clk 01:24:12]} {[%emt 00:00:05]} 15. Bxg7+ {[%clk 01:05:17]} {[%emt
00:00:41]} Qxg7 {[%clk 01:24:36]} {[%emt 00:00:06]} 16. Nh4 {[%clk 01:03:03]}
{[%emt 00:02:43]} g5 {[%clk 01:24:20]} {[%emt 00:00:46]} 17. Nf5 {[%clk
01:01:50]} {[%emt 00:01:43]} Nxf5 {[%clk 01:24:44]} {[%emt 00:00:07]} 18. exf5
{[%clk 01:02:15]} {[%emt 00:00:05]} h5 {[%clk 01:24:54]} {[%emt 00:00:20]} 19.
Qe2 {[%clk 00:59:21]} {[%emt 00:03:23]} Be8 {[%clk 01:16:11]} {[%emt 00:09:14]}
20. Nb5 {[%clk 00:54:46]} {[%emt 00:05:05]} Qe7 {[%clk 01:15:08]} {[%emt
00:01:33]} 21. f4 {[%clk 00:44:50]} {[%emt 00:10:26]} g4 {[%clk 01:11:42]}
{[%emt 00:03:56]} 22. fxe5 {[%clk 00:44:45]} {[%emt 00:00:35]} Qxe5 {[%clk
01:09:00]} {[%emt 00:03:13]} 23. Qd2 {[%clk 00:39:40]} {[%emt 00:05:35]} Qe7
{[%clk 01:05:30]} {[%emt 00:03:59]} 24. Qh6+ {[%clk 00:39:11]} {[%emt
00:00:59]} Qh7 {[%clk 01:05:57]} {[%emt 00:00:03]} 25. Qxf6+ {[%clk 00:39:30]}
{[%emt 00:00:11]} Rg7 {[%clk 01:06:23]} {[%emt 00:00:04]} 26. Nxd6 {[%clk
00:38:44]} {[%emt 00:01:16]} Nb4 {[%clk 01:06:21]} {[%emt 00:00:32]} 27. Rae1
{[%clk 00:20:44]} {[%emt 00:18:29]} Qg8 {[%clk 01:05:41]} {[%emt 00:01:10]} 28.
Nxe8 {[%clk 00:19:57]} {[%emt 00:01:18]} Rxe8 {[%clk 01:06:05]} {[%emt
00:00:06]} 29. Rxe8 {[%clk 00:20:18]} {[%emt 00:00:09]} Qxe8 {[%clk 01:06:32]}
{[%emt 00:00:03]} 30. Bb1 {[%clk 00:19:56]} {[%emt 00:00:52]} Qe3+ {[%clk
01:06:21]} {[%emt 00:00:40]} 31. Kh1 {[%clk 00:20:05]} {[%emt 00:00:22]} Nd3
{[%clk 01:06:39]} {[%emt 00:00:12]} 32. Bxd3 {[%clk 00:19:29]} {[%emt
00:01:06]} Qxd3 {[%clk 01:07:02]} {[%emt 00:00:07]} 33. Re1 {[%clk 00:18:29]}
{[%emt 00:01:30]} Kh7 {[%clk 01:07:06]} {[%emt 00:00:27]} 34. Qe6 {[%clk
00:14:48]} {[%emt 00:04:10]} h4 {[%clk 01:03:43]} {[%emt 00:03:54]} 35. f6
{[%clk 00:14:05]} {[%emt 00:01:13]} Rg6 {[%clk 01:03:56]} {[%emt 00:00:17]} 36.
Qe7+ {[%clk 00:14:09]} {[%emt 00:00:26]} Kh6 {[%clk 01:04:09]} {[%emt
00:00:17]} 37. f7 {[%clk 00:13:54]} {[%emt 00:00:45]} h3 {[%clk 01:03:03]}
{[%emt 00:01:36]} 38. f8=Q+ {[%clk 00:13:57]} {[%emt 00:00:28]} Kh5 {[%clk
01:03:27]} {[%emt 00:00:06]} 39. Re5+ {[%clk 00:13:59]} {[%emt 00:00:28]} Qf5
{[%clk 01:03:39]} {[%emt 00:00:18]} 40. Rxf5+ {[%clk 00:14:20]} {[%emt
00:00:09]} Rg5 {[%clk 01:04:05]} {[%emt 00:00:03]} 41. Qxg5# {[%emt 00:00:06]}
1-0

[Event "ODJM B 2025"]
[Site "Willingen GER"]
[Date "2025.06.09"]
[Round "3"]
[White "Sniegowski, Richard"]
[Black "Duchstein, Anna"]
[Result "1/2-1/2"]
[Termination "normal"]
[Board "5"]
[WhiteElo "1887"]
[BlackElo "1724"]
[WhiteClock "00:05:44"]
[BlackClock "00:05:12"]
[PlyCount "65"]
[WhiteFideId "34664181"]
[BlackFideId "16261372"]
[EventCountry "GER"]
[EventRounds "9"]
[EventType "swiss"]
[EventDate "2025.06.07"]

1. e4 {[%clk 01:30:59]} {[%emt 00:00:01]} c5 {[%clk 01:30:52]} {[%emt
00:00:08]} 2. d4 {[%clk 01:29:09]} {[%emt 00:02:20]} cxd4 {[%clk 01:31:12]}
{[%emt 00:00:09]} 3. Qxd4 {[%clk 01:29:36]} {[%emt 00:00:04]} Nc6 {[%clk
01:31:24]} {[%emt 00:00:18]} 4. Qd3 {[%clk 01:30:05]} {[%emt 00:00:01]} d6
{[%clk 01:31:08]} {[%emt 00:00:46]} 5. Nc3 {[%clk 01:30:29]} {[%emt 00:00:06]}
g6 {[%clk 01:30:47]} {[%emt 00:00:51]} 6. Be3 {[%clk 01:26:19]} {[%emt
00:04:40]} Bg7 {[%clk 01:29:46]} {[%emt 00:01:31]} 7. f3 {[%clk 01:23:29]}
{[%emt 00:03:19]} Nf6 {[%clk 01:22:26]} {[%emt 00:07:51]} 8. Nge2 {[%emt
00:05:22]} O-O {[%clk 01:20:00]} {[%emt 00:00:01]} 9. Qd2 {[%clk 01:20:08]}
{[%emt 00:01:53]} Ne5 {[%clk 01:10:48]} {[%emt 00:09:43]} 10. Nf4 {[%clk
01:13:56]} {[%emt 00:06:41]} Bd7 {[%clk 01:06:07]} {[%emt 00:05:12]} 11. h4
{[%clk 01:11:48]} {[%emt 00:02:38]} h5 {[%clk 01:04:27]} {[%emt 00:02:10]} 12.
Be2 {[%clk 01:10:16]} {[%emt 00:02:01]} Qc8 {[%clk 00:55:28]} {[%emt 00:09:30]}
13. O-O-O {[%clk 01:05:22]} {[%emt 00:05:24]} Nc4 {[%clk 00:53:42]} {[%emt
00:02:16]} 14. Bxc4 {[%clk 01:05:16]} {[%emt 00:00:37]} Qxc4 {[%clk 00:54:02]}
{[%emt 00:00:09]} 15. g4 {[%clk 00:58:30]} {[%emt 00:07:15]} e5 {[%clk
00:46:52]} {[%emt 00:07:40]} 16. Nfd5 {[%clk 00:55:22]} {[%emt 00:03:36]} Nxd5
{[%clk 00:46:34]} {[%emt 00:00:50]} 17. exd5 {[%clk 00:52:31]} {[%emt
00:03:21]} Rac8 {[%clk 00:35:11]} {[%emt 00:11:52]} 18. Bh6 {[%clk 00:50:10]}
{[%emt 00:02:53]} b5 {[%clk 00:32:43]} {[%emt 00:02:58]} 19. Bxg7 {[%clk
00:47:35]} {[%emt 00:03:04]} Kxg7 {[%clk 00:33:04]} {[%emt 00:00:09]} 20. Kb1
{[%clk 00:42:20]} {[%emt 00:05:45]} hxg4 {[%clk 00:27:58]} {[%emt 00:05:36]}
21. h5 {[%clk 00:39:13]} {[%emt 00:03:38]} Qf4 {[%clk 00:28:02]} {[%emt
00:00:26]} 22. Qe1 {[%clk 00:30:40]} {[%emt 00:09:02]} Bf5 {[%clk 00:23:12]}
{[%emt 00:05:20]} 23. fxg4 {[%clk 00:26:17]} {[%emt 00:04:54]} Bxg4 {[%clk
00:22:19]} {[%emt 00:01:22]} 24. h6+ {[%clk 00:26:08]} {[%emt 00:00:39]} Kh7
{[%clk 00:21:57]} {[%emt 00:00:52]} 25. Rd2 {[%clk 00:22:57]} {[%emt 00:03:42]}
Bf5 {[%clk 00:17:23]} {[%emt 00:05:04]} 26. Rf1 {[%clk 00:19:24]} {[%emt
00:04:01]} Qc4 {[%clk 00:15:34]} {[%emt 00:02:20]} 27. Rff2 {[%clk 00:17:32]}
{[%emt 00:02:22]} a5 {[%clk 00:13:40]} {[%emt 00:02:25]} 28. Qg1 {[%clk
00:16:24]} {[%emt 00:01:37]} Rg8 {[%clk 00:12:16]} {[%emt 00:01:55]} 29. Nd1
{[%clk 00:15:57]} {[%emt 00:00:55]} Qc5 {[%clk 00:11:56]} {[%emt 00:00:51]} 30.
Qg5 {[%clk 00:15:14]} {[%emt 00:01:12]} Rcf8 {[%clk 00:09:06]} {[%emt
00:03:21]} 31. Qe7 {[%clk 00:13:26]} {[%emt 00:02:18]} a4 {[%clk 00:06:24]}
{[%emt 00:03:13]} 32. a3 {[%clk 00:08:15]} {[%emt 00:05:41]} b4 {[%clk
00:05:12]} {[%emt 00:01:42]} 33. axb4 {[%clk 00:05:44]} {[%emt 00:03:00]}
1/2-1/2

[Event "ODJM B 2025"]
[Site "Willingen GER"]
[Date "2025.06.09"]
[Round "3"]
[White "Lesser, Luan"]
[Black "Ihle, Ben"]
[Result "1-0"]
[Termination "normal"]
[Board "6"]
[WhiteElo "1790"]
[BlackElo "1752"]
[WhiteClock "00:16:50"]
[BlackClock "00:18:12"]
[PlyCount "41"]
[WhiteFideId "34640150"]
[BlackFideId "533020566"]
[EventCountry "GER"]
[EventRounds "9"]
[EventType "swiss"]
[EventDate "2025.06.07"]

1. e4 {[%clk 01:30:59]} c6 {[%clk 01:30:56]} {[%emt 00:00:05]} 2. c4 {[%clk
01:31:21]} {[%emt 00:00:08]} d5 {[%clk 01:31:21]} {[%emt 00:00:05]} 3. exd5
{[%clk 01:31:48]} {[%emt 00:00:02]} cxd5 {[%clk 01:31:46]} {[%emt 00:00:05]} 4.
cxd5 {[%clk 01:32:08]} {[%emt 00:00:10]} Nf6 {[%clk 01:32:10]} {[%emt
00:00:06]} 5. Nc3 {[%clk 01:31:42]} {[%emt 00:00:56]} g6 {[%clk 01:31:42]}
{[%emt 00:00:59]} 6. Nf3 {[%clk 01:30:32]} {[%emt 00:01:40]} Bg7 {[%clk
01:30:40]} {[%emt 00:01:31]} 7. Bc4 {[%clk 01:30:33]} {[%emt 00:00:29]} O-O
{[%clk 01:30:04]} {[%emt 00:01:06]} 8. O-O {[%clk 01:26:52]} {[%emt 00:04:11]}
b6 {[%clk 01:21:29]} {[%emt 00:09:05]} 9. d4 {[%clk 01:23:43]} {[%emt
00:03:39]} Bb7 {[%clk 01:20:48]} {[%emt 00:01:12]} 10. Qb3 {[%clk 01:09:33]}
{[%emt 00:14:40]} a6 {[%clk 01:04:29]} {[%emt 00:16:48]} 11. a4 {[%clk
01:07:00]} {[%emt 00:03:04]} Ne8 {[%clk 00:51:20]} {[%emt 00:13:39]} 12. Bf4
{[%clk 00:55:54]} {[%emt 00:11:34]} Nd6 {[%clk 00:45:11]} {[%emt 00:06:40]} 13.
Bd3 {[%clk 00:51:58]} {[%emt 00:04:26]} a5 {[%clk 00:40:01]} {[%emt 00:05:41]}
14. Rfe1 {[%clk 00:39:25]} {[%emt 00:13:02]} Na6 {[%clk 00:37:03]} {[%emt
00:03:28]} 15. Bxd6 {[%clk 00:32:17]} {[%emt 00:07:39]} Qxd6 {[%clk 00:33:49]}
{[%emt 00:03:44]} 16. Bc4 {[%clk 00:31:56]} {[%emt 00:00:50]} Nb4 {[%clk
00:32:50]} {[%emt 00:01:30]} 17. Ne5 {[%clk 00:27:43]} {[%emt 00:04:42]} Rac8
{[%clk 00:24:21]} {[%emt 00:08:59]} 18. Nb5 {[%clk 00:24:43]} {[%emt 00:03:31]}
Qd8 {[%clk 00:24:06]} {[%emt 00:00:44]} 19. d6 {[%clk 00:23:00]} {[%emt
00:02:13]} exd6 {[%clk 00:17:46]} {[%emt 00:06:50]} 20. Bxf7+ {[%clk 00:16:28]}
{[%emt 00:07:02]} Kh8 {[%clk 00:18:12]} {[%emt 00:00:05]} 21. Nxg6+ {[%clk
00:16:50]} {[%emt 00:00:07]} 1-0

[Event "ODJM B 2025"]
[Site "Willingen GER"]
[Date "2025.06.09"]
[Round "3"]
[White "Petrow, Andre"]
[Black "Schächtelin, Jakob"]
[Result "1-0"]
[Termination "normal"]
[Board "7"]
[WhiteElo "1831"]
[BlackElo "1811"]
[WhiteClock "00:07:23"]
[BlackClock "00:14:02"]
[PlyCount "99"]
[WhiteFideId "34612815"]
[BlackFideId "34620834"]
[EventCountry "GER"]
[EventRounds "9"]
[EventType "swiss"]
[EventDate "2025.06.07"]

1. e4 {[%clk 01:30:57]} {[%emt 00:00:03]} c5 {[%clk 01:30:57]} {[%emt
00:00:03]} 2. c3 {[%clk 01:30:43]} {[%emt 00:00:44]} Nf6 {[%clk 01:31:23]}
{[%emt 00:00:03]} 3. e5 {[%clk 01:30:49]} {[%emt 00:00:26]} Nd5 {[%clk
01:31:46]} {[%emt 00:00:05]} 4. Bc4 {[%clk 01:31:05]} {[%emt 00:00:15]} Nb6
{[%clk 01:32:11]} {[%emt 00:00:05]} 5. Bb3 {[%clk 01:31:08]} {[%emt 00:00:27]}
d6 {[%clk 01:27:03]} {[%emt 00:05:38]} 6. Nf3 {[%clk 01:18:00]} {[%emt
00:13:38]} c4 {[%clk 01:26:04]} {[%emt 00:01:29]} 7. Ba4+ {[%clk 01:15:47]}
{[%emt 00:02:44]} Bd7 {[%clk 01:21:58]} {[%emt 00:04:34]} 8. Bxd7+ {[%clk
01:14:30]} {[%emt 00:01:48]} Qxd7 {[%clk 01:21:36]} {[%emt 00:00:52]} 9. O-O
{[%clk 01:02:49]} {[%emt 00:12:11]} e6 {[%clk 01:15:39]} {[%emt 00:06:26]} 10.
d4 {[%clk 01:01:22]} {[%emt 00:01:58]} cxd3 {[%clk 01:14:01]} {[%emt 00:02:09]}
11. Qxd3 {[%clk 01:00:22]} {[%emt 00:01:29]} dxe5 {[%clk 01:10:52]} {[%emt
00:03:38]} 12. Nxe5 {[%clk 01:00:10]} {[%emt 00:00:42]} Qxd3 {[%clk 01:11:09]}
{[%emt 00:00:14]} 13. Nxd3 {[%clk 01:00:35]} {[%emt 00:00:05]} Nc6 {[%clk
01:09:40]} {[%emt 00:01:59]} 14. Be3 {[%clk 00:49:57]} {[%emt 00:11:08]} Nc4
{[%clk 01:04:51]} {[%emt 00:05:19]} 15. Ne1 {[%clk 00:40:12]} {[%emt 00:10:16]}
Nxb2 {[%clk 00:56:52]} {[%emt 00:08:28]} 16. Nd2 {[%clk 00:38:07]} {[%emt
00:02:35]} O-O-O {[%clk 00:51:49]} {[%emt 00:05:31]} 17. Rb1 {[%clk 00:33:29]}
{[%emt 00:05:09]} Nd3 {[%clk 00:46:23]} {[%emt 00:05:56]} 18. Nxd3 {[%clk
00:24:41]} {[%emt 00:09:19]} Rxd3 {[%clk 00:46:20]} {[%emt 00:00:33]} 19. Rfc1
{[%clk 00:24:37]} {[%emt 00:00:33]} Ba3 {[%clk 00:43:08]} {[%emt 00:03:42]} 20.
Rc2 {[%clk 00:23:29]} {[%emt 00:01:39]} Rhd8 {[%clk 00:42:33]} {[%emt
00:01:03]} 21. Kf1 {[%clk 00:21:27]} {[%emt 00:02:33]} Bc5 {[%clk 00:38:45]}
{[%emt 00:04:12]} 22. Ke2 {[%clk 00:21:11]} {[%emt 00:00:52]} Bxe3 {[%clk
00:38:53]} {[%emt 00:00:22]} 23. fxe3 {[%clk 00:21:33]} {[%emt 00:00:09]} Ne5
{[%clk 00:36:59]} {[%emt 00:02:23]} 24. h3 {[%clk 00:17:01]} {[%emt 00:05:02]}
R8d7 {[%clk 00:28:28]} {[%emt 00:09:01]} 25. Rb4 {[%clk 00:16:13]} {[%emt
00:01:18]} Nc6 {[%clk 00:20:29]} {[%emt 00:08:29]} 26. Rh4 {[%clk 00:11:15]}
{[%emt 00:05:29]} h6 {[%clk 00:19:01]} {[%emt 00:01:58]} 27. Ne4 {[%clk
00:10:18]} {[%emt 00:01:27]} R3d5 {[%clk 00:17:38]} {[%emt 00:01:51]} 28. c4
{[%clk 00:09:48]} {[%emt 00:01:02]} Re5 {[%clk 00:16:15]} {[%emt 00:01:51]} 29.
c5 {[%clk 00:07:10]} {[%emt 00:03:09]} Kc7 {[%clk 00:13:10]} {[%emt 00:03:35]}
30. Nd6 {[%clk 00:04:26]} {[%emt 00:03:15]} b6 {[%clk 00:11:00]} {[%emt
00:02:40]} 31. Ne8+ {[%clk 00:03:20]} {[%emt 00:01:36]} Kd8 {[%clk 00:11:13]}
{[%emt 00:00:15]} 32. cxb6 {[%clk 00:02:58]} {[%emt 00:00:54]} Nd4+ {[%clk
00:08:21]} {[%emt 00:03:21]} 33. Rxd4 {[%clk 00:03:03]} {[%emt 00:00:26]} Rxd4
{[%clk 00:08:47]} {[%emt 00:00:04]} 34. b7 {[%clk 00:03:27]} {[%emt 00:00:06]}
Rb4 {[%clk 00:08:19]} {[%emt 00:00:57]} 35. Rc8+ {[%clk 00:03:31]} {[%emt
00:00:27]} Kd7 {[%clk 00:08:34]} {[%emt 00:00:15]} 36. b8=Q {[%emt 00:00:11]}
Rxb8 {[%clk 00:08:59]} {[%emt 00:00:03]} 37. Rxb8 {[%clk 00:04:10]} {[%emt
00:00:11]} Ra5 {[%clk 00:09:23]} {[%emt 00:00:06]} 38. Nxg7 {[%clk 00:04:19]}
{[%emt 00:00:21]} Rxa2+ {[%clk 00:09:50]} {[%emt 00:00:04]} 39. Kf3 {[%clk
00:04:36]} {[%emt 00:00:13]} a5 {[%clk 00:10:17]} {[%emt 00:00:03]} 40. Rb7+
{[%clk 00:04:49]} {[%emt 00:00:17]} Kd6 {[%clk 00:10:39]} {[%emt 00:00:08]} 41.
Rxf7 {[%clk 00:05:00]} {[%emt 00:00:18]} a4 {[%clk 00:11:06]} {[%emt 00:00:04]}
42. Ra7 {[%clk 00:04:59]} {[%emt 00:00:30]} a3 {[%clk 00:11:33]} {[%emt
00:00:04]} 43. Ra6+ {[%clk 00:05:22]} {[%emt 00:00:07]} Kc5 {[%clk 00:11:55]}
{[%emt 00:00:07]} 44. Nxe6+ {[%clk 00:05:32]} {[%emt 00:00:20]} Kb5 {[%clk
00:12:20]} {[%emt 00:00:06]} 45. Ra8 {[%clk 00:05:49]} {[%emt 00:00:13]} Ra1
{[%clk 00:12:46]} {[%emt 00:00:03]} 46. Nd4+ {[%clk 00:06:10]} {[%emt
00:00:09]} Kc4 {[%clk 00:13:05]} {[%emt 00:00:12]} 47. Nc2 {[%clk 00:06:28]}
{[%emt 00:00:12]} Ra2 {[%clk 00:13:14]} {[%emt 00:00:21]} 48. Nxa3+ {[%clk
00:06:47]} {[%emt 00:00:11]} Kb3 {[%clk 00:13:37]} {[%emt 00:00:06]} 49. Rb8+
{[%clk 00:07:04]} {[%emt 00:00:14]} Kxa3 {[%clk 00:14:02]} {[%emt 00:00:05]}
50. Ra8+ {[%clk 00:07:23]} {[%emt 00:00:11]} 1-0

[Event "ODJM B 2025"]
[Site "Willingen GER"]
[Date "2025.06.09"]
[Round "3"]
[White "Wolf, Helena"]
[Black "Engelhaupt, Henry"]
[Result "0-1"]
[Termination "normal"]
[Board "8"]
[WhiteElo "1702"]
[BlackElo "1825"]
[WhiteClock "00:00:48"]
[BlackClock "00:38:04"]
[PlyCount "74"]
[WhiteFideId "34671030"]
[BlackFideId "34644814"]
[EventCountry "GER"]
[EventRounds "9"]
[EventType "swiss"]
[EventDate "2025.06.07"]

1. e4 {[%clk 01:30:58]} {[%emt 00:00:02]} e5 {[%clk 01:30:57]} {[%emt
00:00:05]} 2. Nf3 {[%clk 01:31:23]} {[%emt 00:00:04]} Nc6 {[%clk 01:31:23]}
{[%emt 00:00:04]} 3. Bc4 {[%clk 01:31:44]} {[%emt 00:00:09]} Bc5 {[%clk
01:31:49]} {[%emt 00:00:04]} 4. c3 {[%clk 01:32:07]} {[%emt 00:00:06]} Nf6
{[%clk 01:32:14]} {[%emt 00:00:05]} 5. d3 {[%clk 01:32:30]} {[%emt 00:00:07]}
a6 {[%clk 01:32:37]} {[%emt 00:00:08]} 6. Bb3 {[%clk 01:32:51]} {[%emt
00:00:09]} d6 {[%clk 01:32:58]} {[%emt 00:00:08]} 7. h3 {[%clk 01:32:44]}
{[%emt 00:00:36]} Ba7 {[%clk 01:33:09]} {[%emt 00:00:20]} 8. Nbd2 {[%clk
01:32:39]} {[%emt 00:00:36]} h6 {[%clk 01:33:07]} {[%emt 00:00:32]} 9. Nf1
{[%clk 01:31:57]} {[%emt 00:01:11]} Be6 {[%clk 01:31:22]} {[%emt 00:02:15]} 10.
Ng3 {[%clk 01:29:31]} {[%emt 00:02:55]} Qd7 {[%clk 01:28:05]} {[%emt 00:03:48]}
11. Ba4 {[%clk 01:23:16]} {[%emt 00:06:46]} b5 {[%clk 01:25:51]} {[%emt
00:02:45]} 12. Bc2 {[%clk 01:19:27]} {[%emt 00:04:17]} d5 {[%clk 01:24:17]}
{[%emt 00:02:05]} 13. exd5 {[%clk 01:15:09]} {[%emt 00:04:48]} Bxd5 {[%clk
01:22:44]} {[%emt 00:02:03]} 14. Ne4 {[%clk 01:11:56]} {[%emt 00:03:42]} Bxe4
{[%clk 01:21:47]} {[%emt 00:01:27]} 15. dxe4 {[%clk 01:11:55]} {[%emt
00:00:31]} Qxd1+ {[%clk 01:21:58]} {[%emt 00:00:19]} 16. Kxd1 {[%clk 01:11:07]}
{[%emt 00:01:19]} Bxf2 {[%clk 01:21:45]} {[%emt 00:00:43]} 17. Ke2 {[%clk
01:08:36]} {[%emt 00:02:56]} Bb6 {[%clk 01:21:41]} {[%emt 00:00:39]} 18. Be3
{[%clk 01:06:15]} {[%emt 00:02:51]} Bxe3 {[%clk 01:15:56]} {[%emt 00:06:15]}
19. Kxe3 {[%clk 01:05:01]} {[%emt 00:01:44]} O-O {[%clk 01:14:37]} {[%emt
00:01:48]} 20. Rad1 {[%clk 01:01:43]} {[%emt 00:03:48]} Rad8 {[%clk 01:14:32]}
{[%emt 00:00:36]} 21. Bb3 {[%clk 00:56:54]} {[%emt 00:05:19]} Rfe8 {[%clk
01:12:40]} {[%emt 00:02:20]} 22. Rhe1 {[%clk 00:46:51]} {[%emt 00:10:31]} Kf8
{[%clk 01:10:54]} {[%emt 00:02:20]} 23. Nh4 {[%clk 00:43:43]} {[%emt 00:03:37]}
Na5 {[%clk 01:08:49]} {[%emt 00:02:36]} 24. Rxd8 {[%clk 00:39:02]} {[%emt
00:05:10]} Rxd8 {[%clk 01:08:56]} {[%emt 00:00:23]} 25. Rf1 {[%clk 00:39:11]}
{[%emt 00:00:21]} Nxb3 {[%clk 01:08:55]} {[%emt 00:00:32]} 26. axb3 {[%clk
00:39:33]} {[%emt 00:00:07]} Nd7 {[%clk 01:07:04]} {[%emt 00:02:21]} 27. Rd1
{[%clk 00:36:51]} {[%emt 00:03:12]} g6 {[%clk 01:05:06]} {[%emt 00:02:29]} 28.
Nf3 {[%clk 00:34:03]} {[%emt 00:03:18]} Ke7 {[%clk 01:05:15]} {[%emt 00:00:20]}
29. Rd5 {[%clk 00:33:11]} {[%emt 00:01:23]} c6 {[%clk 01:04:55]} {[%emt
00:00:50]} 30. Rd1 {[%clk 00:26:10]} {[%emt 00:07:30]} Ke6 {[%clk 01:03:45]}
{[%emt 00:01:40]} 31. b4 {[%clk 00:19:33]} {[%emt 00:07:08]} Ra8 {[%clk
00:59:47]} {[%emt 00:04:28]} 32. Ra1 {[%clk 00:18:49]} {[%emt 00:01:13]} Ra7
{[%clk 00:55:01]} {[%emt 00:05:16]} 33. b3 {[%clk 00:16:53]} {[%emt 00:02:27]}
Nb6 {[%clk 00:46:45]} {[%emt 00:08:46]} 34. Kd3 {[%clk 00:14:52]} {[%emt
00:02:29]} f5 {[%clk 00:43:38]} {[%emt 00:03:38]} 35. exf5+ {[%clk 00:08:10]}
{[%emt 00:07:12]} gxf5 {[%clk 00:42:29]} {[%emt 00:01:40]} 36. Re1 {[%clk
00:07:08]} {[%emt 00:01:32]} Nd7 {[%clk 00:41:07]} {[%emt 00:01:51]} 37. c4
{[%clk 00:00:48]} {[%emt 00:06:50]} Kf6 {[%clk 00:38:04]} {[%emt 00:03:34]} 0-1

[Event "ODJM B 2025"]
[Site "Willingen GER"]
[Date "2025.06.09"]
[Round "3"]
[White "Christen, Jan"]
[Black "Kaufmann, Ben"]
[Result "1/2-1/2"]
[Termination "normal"]
[Board "9"]
[WhiteElo "1809"]
[BlackElo "1801"]
[WhiteClock "00:26:25"]
[BlackClock "00:23:27"]
[PlyCount "42"]
[WhiteFideId "34643320"]
[BlackFideId "34687068"]
[EventCountry "GER"]
[EventRounds "9"]
[EventType "swiss"]
[EventDate "2025.06.07"]

1. d4 {[%clk 01:30:52]} {[%emt 00:00:07]} d5 {[%clk 01:30:56]} {[%emt
00:00:04]} 2. c4 {[%clk 01:30:43]} {[%emt 00:00:39]} e6 {[%clk 01:31:22]}
{[%emt 00:00:04]} 3. Nf3 {[%clk 01:30:32]} {[%emt 00:00:40]} Nf6 {[%clk
01:31:43]} {[%emt 00:00:10]} 4. Nc3 {[%clk 01:30:31]} {[%emt 00:00:31]} Be7
{[%clk 01:31:31]} {[%emt 00:00:42]} 5. cxd5 {[%clk 01:29:55]} {[%emt 00:01:06]}
exd5 {[%clk 01:31:54]} {[%emt 00:00:08]} 6. Bg5 {[%clk 01:30:08]} {[%emt
00:00:16]} O-O {[%clk 01:31:24]} {[%emt 00:01:00]} 7. e3 {[%clk 01:30:11]}
{[%emt 00:00:27]} c6 {[%clk 01:30:07]} {[%emt 00:01:48]} 8. Bd3 {[%clk
01:29:00]} {[%emt 00:01:40]} Nbd7 {[%clk 01:29:38]} {[%emt 00:01:00]} 9. Qc2
{[%clk 01:27:28]} {[%emt 00:02:01]} Re8 {[%clk 01:26:23]} {[%emt 00:03:45]} 10.
O-O {[%clk 01:26:19]} {[%emt 00:01:39]} Nf8 {[%clk 01:26:03]} {[%emt 00:00:50]}
11. Rab1 {[%clk 01:22:46]} {[%emt 00:04:03]} h6 {[%clk 01:22:40]} {[%emt
00:03:54]} 12. Bf4 {[%clk 01:17:34]} {[%emt 00:05:41]} Ne6 {[%clk 01:19:46]}
{[%emt 00:03:24]} 13. Bg3 {[%clk 01:16:36]} {[%emt 00:01:27]} a6 {[%clk
01:16:09]} {[%emt 00:04:08]} 14. h3 {[%clk 01:12:48]} {[%emt 00:04:18]} Bd6
{[%clk 01:08:49]} {[%emt 00:07:51]} 15. Ne5 {[%clk 01:11:03]} {[%emt 00:02:13]}
Ng5 {[%clk 00:57:44]} {[%emt 00:11:36]} 16. b4 {[%clk 00:54:31]} {[%emt
00:17:02]} Qe7 {[%clk 00:50:07]} {[%emt 00:08:07]} 17. a3 {[%clk 00:48:45]}
{[%emt 00:06:16]} Nd7 {[%clk 00:40:54]} {[%emt 00:09:44]} 18. f4 {[%clk
00:44:22]} {[%emt 00:04:52]} Ne6 {[%clk 00:37:10]} {[%emt 00:04:14]} 19. Na4
{[%clk 00:31:42]} {[%emt 00:13:10]} Nef8 {[%clk 00:30:31]} {[%emt 00:07:08]}
20. Rb3 {[%clk 00:27:14]} {[%emt 00:04:57]} f6 {[%clk 00:24:34]} {[%emt
00:06:29]} 21. Nxd7 {[%clk 00:26:25]} {[%emt 00:01:19]} Bxd7 {[%clk 00:23:27]}
{[%emt 00:01:37]} 1/2-1/2